[Event "ICS rated blitz match"]
[Site "204.178.125.65"]
[Date "2000.03.31"]
[Round "?"]
[White "undertaker1"]
[Black "Hossa"]
[Result "1-0"]
[WhiteElo "2606"]
[BlackElo "2355"]
[PlyCount "171"]

1. e4 e5 2. Nf3 Nc6 3. Bb5 a6 4. Ba4 Nf6 5. O-O Be7 6. Re1 b5 7. Bb3 O-O 8. c3
d5 9. exd5 Nxd5 10. Nxe5 Nxe5 11. Rxe5 c6 12. d4 Bd6 13. Re1 Qh4 14. g3 Qh3 15.
Be3 Bg4 16. Qd3 Rae8 17. Nd2 Re6 18. a4 f5 19. Qf1 Qh5 20. f4 bxa4 21. Rxa4
Rfe8 22. Rxa6 Kh8 23. Bxd5 cxd5 24. Qb5 Rh6 25. h4 Bxf4 26. Rxh6 Bxh6 27. Nf1
f4 28. Bd2 Rxe1 29. Bxe1 Be6 30. Qb8+ Bg8 31. Bd2 Qe2 32. Bxf4 Bxf4 33. gxf4
Qg4+ 34. Kf2 Qxh4+ 35. Ng3 Qh2+ 36. Kf3 Qg1 37. Qb5 Qd1+ 38. Qe2 Qc1 39. f5 h6
40. Qb5 Qd2 41. Nf1 Qd1+ 42. Qe2 Qa1 43. Kf4 Kh7 44. Ne3 Bf7 45. Qc2 Qg1 46.
Qg2 Qc1 47. Qh2 Qb1 48. Qf2 g5+ 49. fxg6+ Qxg6 50. Qc2 Qxc2 51. Nxc2 h5 52. Ne3
Kg6 53. b4 Kf6 54. b5 Ke6 55. Nf5 Bg6 56. b6 Kd7 57. Ne7 Bd3 58. Nxd5 Kc8 59.
Ke5 h4 60. Kf4 Kb7 61. Kg4 Be4 62. Nf6 Bd3 63. Nd7 Be2+ 64. Kxh4 Kc6 65. Ne5+
Kxb6 66. Kg3 Ba6 67. c4 Kc7 68. Kf3 Bb7+ 69. Ke3 Kb6 70. Kd2 Be4 71. Kc3 Bf5
72. Kb4 Be4 73. d5 Kc7 74. Kc5 Bf5 75. d6+ Kb7 76. Kd5 Bh3 77. c5 Bf5 78. c6+
Kb6 79. Nc4+ Kb5 80. d7 Bg4 81. d8=Q Bf3+ 82. Kd4 Kxc6 83. Qc8+ Kb5 84. Qc5+
Ka4 85. Kc3 Bc6 86. Qa5# 1-0

[Event "ICS rated blitz match"]
[Site "204.178.125.65"]
[Date "2000.03.31"]
[Round "?"]
[White "Hossa"]
[Black "undertaker1"]
[Result "0-1"]
[WhiteElo "2349"]
[BlackElo "2612"]
[PlyCount "144"]

1. e4 e5 2. Nf3 Nc6 3. Nc3 g6 4. Bc4 Bg7 5. O-O d6 6. Bb5 Nge7 7. d3 a6 8. Bc4
Na5 9. Bd5 O-O 10. Bg5 h6 11. Bxe7 Qxe7 12. a4 Bd7 13. Qd2 Qf6 14. b4 Nc6 15.
b5 axb5 16. axb5 Nd4 17. Nxd4 exd4 18. Ne2 c6 19. Bc4 cxb5 20. Bd5 Bc6 21. Bb3
Ra6 22. Rxa6 bxa6 23. Qa5 Bb7 24. Qc7 Bc8 25. Bd5 Bh8 26. h3 Kh7 27. Rb1 Qd8
28. Qxd8 Rxd8 29. Bxf7 Bd7 30. Nf4 g5 31. Nd5 a5 32. Bh5 Be5 33. Bg4 Bc6 34.
Bf5+ Kg7 35. Nc7 Rb8 36. Ne6+ Kf6 37. g3 Ke7 38. Kg2 d5 39. f4 gxf4 40. gxf4
Bd7 41. Nc5 Bxf5 42. fxe5 dxe4 43. dxe4 Be6 44. Kh2 Bc4 45. Rg1 Rc8 46. Nb7 Ke6
47. Nxa5 Kxe5 48. Rg6 Be6 49. Rg2 Rc3 50. Kg1 Bxh3 51. Rd2 Kxe4 52. Nb3 Ke3 53.
Rh2 Bf5 54. Rh5 Bxc2 55. Na5 Be4 56. Kh2 d3 57. Rh3+ Bf3 58. Nb3 Rc2+ 59. Kg3
Rg2+ 60. Kh4 Rg4+ 61. Kh5 Rg3+ 62. Kxh6 Rxh3+ 63. Kg5 d2 64. Nxd2 Kxd2 65. Kf6
b4 66. Ke6 b3 67. Kf6 b2 68. Kf5 b1=Q+ 69. Kg5 Rh5+ 70. Kf6 Qf5+ 71. Kg7 Rh7+
72. Kg8 Bd5# 0-1

[Event "ICS rated blitz match"]
[Site "204.178.125.65"]
[Date "2000.03.31"]
[Round "?"]
[White "Hossa"]
[Black "QueenMaxima"]
[Result "0-1"]
[WhiteElo "2343"]
[BlackElo "2468"]
[PlyCount "90"]

1. e4 d5 2. exd5 Nf6 3. d4 Nxd5 4. Nf3 g6 5. c4 Nb6 6. Nc3 Bg7 7. Be3 O-O 8.
Be2 Bg4 9. c5 Nd5 10. Nxd5 Qxd5 11. h3 Bf5 12. Nh4 Nc6 13. Nxf5 Qxf5 14. Bg4
Qf6 15. h4 Nxd4 16. h5 Nc6 17. hxg6 hxg6 18. Rb1 Ne5 19. Be2 Qc6 20. Qd4 Qxg2
21. Qh4 Rfd8 22. Bg5 Rd4 23. Qh7+ Kf8 24. Be3 Nd3+ 25. Bxd3 Rxd3 26. Ke2 Qg4+
27. f3 Qc4 28. Rbc1 Rc3+ 29. Kf2 Rxc1 30. Bxc1 Qxa2 31. Kg2 Qb3 32. c6 bxc6 33.
Qh2 Rc8 34. Qh3 Rd8 35. Qh2 Rd5 36. Qh7 a5 37. Kg3 Be5+ 38. Kg2 Qc2+ 39. Kh3
Qf2 40. Qh6+ Ke8 41. Bf4 Qxf3+ 42. Kh4 Bxf4 43. Qh8+ Kd7 44. Rg1 g5+ 45. Rxg5
Bxg5# 0-1

[Event "ICS rated blitz match"]
[Site "204.178.125.65"]
[Date "2000.03.31"]
[Round "?"]
[White "lupica"]
[Black "Hossa"]
[Result "0-1"]
[WhiteElo "2077"]
[BlackElo "2333"]
[PlyCount "60"]

1. e4 c5 2. Nf3 d6 3. d4 cxd4 4. Nxd4 Nf6 5. Nc3 a6 6. Be3 e5 7. Nb3 Be7 8. f3
Be6 9. Qd2 O-O 10. O-O-O b5 11. g4 b4 12. Nd5 Bxd5 13. exd5 a5 14. Kb1 a4 15.
Nc1 Na6 16. g5 Nd7 17. h4 a3 18. b3 Qc7 19. h5 Ndc5 20. g6 h6 21. Bxh6 Rac8 22.
Bxg7 Kxg7 23. h6+ Kxg6 24. Bd3+ Nxd3 25. Qxd3+ f5 26. Rdg1+ Bg5 27. f4 exf4 28.
Ne2 Nc5 29. Nxf4+ Kh7 30. Qg3 Ne4 0-1

[Event "ICS rated blitz match"]
[Site "204.178.125.65"]
[Date "2000.03.31"]
[Round "?"]
[White "Hossa"]
[Black "lupica"]
[Result "1-0"]
[WhiteElo "2339"]
[BlackElo "2071"]
[PlyCount "77"]

1. e4 c5 2. Nf3 d6 3. d4 cxd4 4. Nxd4 Nf6 5. Nc3 e6 6. Be2 Be7 7. O-O O-O 8. f4
Nc6 9. Be3 Bd7 10. Ndb5 Qb8 11. Qd3 a6 12. Nd4 Nxd4 13. Bxd4 e5 14. fxe5 dxe5
15. Bf2 Be6 16. Nd5 Bxd5 17. exd5 e4 18. Qd2 Bd6 19. g3 Re8 20. c4 e3 21. Bxe3
Bxg3 22. Bd3 Be5 23. Bf4 Qc7 24. Bxe5 Rxe5 25. Qf4 Rae8 26. Rad1 Qc5+ 27. Kh1
a5 28. Qg3 Re3 29. Qg2 Qd6 30. c5 Qe5 31. d6 Kf8 32. Qxb7 Qxc5 33. Bb5 Rd8 34.
Qc7 Rc8 35. Qxc5 Rxc5 36. Rxf6 gxf6 37. d7 Rxb5 38. d8=Q+ Kg7 39. Rg1+ 1-0

[Event "ICS rated blitz match"]
[Site "204.178.125.65"]
[Date "2000.03.31"]
[Round "?"]
[White "lupica"]
[Black "Hossa"]
[Result "0-1"]
[WhiteElo "2065"]
[BlackElo "2345"]
[PlyCount "36"]

1. Nf3 d5 2. c4 e6 3. b3 Nf6 4. Bb2 Nc6 5. g3 d4 6. e3 e5 7. exd4 exd4 8. Bg2
Qe7+ 9. Qe2 Qxe2+ 10. Kxe2 Bc5 11. d3 O-O 12. a3 a5 13. Nbd2 Bf5 14. Ne1 Rfe8+
15. Kd1 Ng4 16. Bxc6 Nxf2+ 17. Kc2 bxc6 18. Rf1 Re2 0-1

[Event "ICS rated blitz match"]
[Site "204.178.125.65"]
[Date "2000.03.31"]
[Round "?"]
[White "QueenMaxima"]
[Black "Hossa"]
[Result "0-1"]
[WhiteElo "2460"]
[BlackElo "2350"]
[PlyCount "144"]

1. e4 e5 2. Nf3 Nc6 3. c3 Nf6 4. d4 Nxe4 5. dxe5 d5 6. Bb5 Bc5 7. O-O O-O 8.
Bxc6 bxc6 9. Qa4 Bb6 10. Nbd2 Nc5 11. Qa3 Nd3 12. Qa4 Re8 13. Qxc6 Rb8 14. c4
Bb7 15. Qa4 Nxe5 16. Nxe5 Rxe5 17. Qa3 d4 18. Nb1 Qh4 19. Qg3 Qxg3 20. hxg3
Rbe8 21. b4 a6 22. c5 Ba7 23. Bb2 Rd5 24. Nd2 Bc6 25. Rfe1 Rb8 26. Ba3 d3 27.
Re7 Bd7 28. Rae1 Rc8 29. Bb2 Bc6 30. R1e4 a5 31. Rf4 Be8 32. Rfe4 Bb5 33. bxa5
Bxc5 34. R7e5 Rxe5 35. Rxe5 Bb4 36. Rxb5 Bxd2 37. a6 Bh6 38. Rd5 d2 39. f4 Ra8
40. Rxd2 f5 41. a3 c6 42. Kh1 Rxa6 43. Rd8+ Kf7 44. Kh2 Ra5 45. Rd7+ Kg8 46.
Rd6 c5 47. Rd8+ Kf7 48. Rd7+ Ke6 49. Rc7 Kd6 50. Be5+ Ke6 51. Bxg7 Bxg7 52.
Rxg7 Rxa3 53. Rxh7 c4 54. Rh6+ Kd5 55. Rf6 c3 56. Rf8 Ra6 57. Rxf5+ Kc4 58. Rf7
Rc6 59. Ra7 c2 60. Ra1 Rh6+ 61. Kg1 Rd6 62. Kf2 Rd2+ 63. Ke1 Rxg2 64. Rc1 Kd3
65. Kf1 Rxg3 66. Kf2 Rh3 67. Re1 Kc3 68. f5 Rh5 69. Kf3 Rxf5+ 70. Ke4 Rb5 71.
Rc1 Rb1 72. Rxc2+ Kxc2 0-1

[Event "ICS rated blitz match"]
[Site "204.178.125.65"]
[Date "2000.03.31"]
[Round "?"]
[White "Hossa"]
[Black "QueenMaxima"]
[Result "0-1"]
[WhiteElo "2371"]
[BlackElo "2439"]
[PlyCount "214"]

1. e4 d5 2. exd5 Nf6 3. d4 Nxd5 4. Nf3 g6 5. c4 Nb6 6. Nc3 Bg7 7. Be3 O-O 8.
Be2 Nc6 9. O-O Bg4 10. d5 Bxf3 11. Bxf3 Ne5 12. Bxb6 axb6 13. Be2 Qd6 14. Ne4
Qb4 15. Qc2 Qa4 16. Qxa4 Rxa4 17. Rfc1 Nd7 18. Nc3 Ra5 19. Bg4 Ne5 20. Be2 Rfa8
21. Rab1 Nd7 22. a3 Be5 23. Ne4 Ra4 24. Bd1 R4a6 25. Bc2 h6 26. Re1 R6a7 27. a4
c6 28. b4 cxd5 29. cxd5 Rc8 30. Bd3 Raa8 31. Bb5 Nf6 32. Nxf6+ Bxf6 33. Rbd1
Rd8 34. Rd3 Rac8 35. g3 Rc2 36. h4 Kf8 37. Kg2 h5 38. Ree3 Rc1 39. Kf3 Rc2 40.
Re4 Bb2 41. Re2 Rxe2 42. Kxe2 Be5 43. f4 Bd6 44. Rb3 Kg8 45. Kf2 Rc8 46. Ke3
Kh8 47. Kd2 Kh7 48. Kd3 Rc1 49. Ke2 Kg7 50. Kd2 Rg1 51. Bd7 Rg2+ 52. Kd1 Rf2
53. Bb5 Kf6 54. Be2 Rg2 55. Ke1 Rh2 56. Kd2 Kf5 57. Ke3 Rh1 58. Kf3 Ra1 59. Bb5
Ra2 60. Bd7+ Kf6 61. Ke3 Rc2 62. Kd3 Rc7 63. Bb5 Rc1 64. Kd2 Rg1 65. Ke2 Rg2+
66. Kf3 Rd2 67. Ke4 Kg7 68. Rb1 Kf8 69. Bd7 Rc2 70. Kd4 Rf2 71. Rb3 Rg2 72. Kc4
Rd2 73. Bb5 Kg7 74. Be8 Kf6 75. Bd7 Rd1 76. Bc8 Rc1+ 77. Rc3 Rb1 78. Rb3 b5+
79. axb5 Rc1+ 80. Rc3 Rb1 81. Kd3 Bxb4 82. Rc7 Be1 83. g4 hxg4 84. Rxb7 Bxh4
85. Bxg4 Rb4 86. Ke3 Bg3 87. Rb6+ Kg7 88. Rb7 Bxf4+ 89. Kf3 Bd6 90. Bd7 Rf4+
91. Ke3 g5 92. Kd3 f5 93. Be6 g4 94. b6 g3 95. Rc7 Rf3+ 96. Kc4 Rf1 97. Rc8
Rc1+ 98. Kd3 Rxc8 99. b7 Rc5 100. Ke2 g2 101. b8=Q Bxb8 102. Bxf5 g1=Q 103. Bd3
Qg4+ 104. Ke3 Ba7 105. Kd2 Qf4+ 106. Ke2 Rc1 107. d6 Qf2# 0-1

[Event "ICS rated blitz match"]
[Site "204.178.125.65"]
[Date "2000.03.31"]
[Round "?"]
[White "Hossa"]
[Black "star"]
[Result "0-1"]
[WhiteElo "2358"]
[BlackElo "2804"]
[PlyCount "124"]

1. e4 e5 2. Nf3 Nc6 3. Nc3 Nf6 4. Nxe5 Nxe5 5. d4 Ng6 6. e5 Ng8 7. Bc4 d6 8.
Qf3 Qd7 9. O-O dxe5 10. dxe5 Bc5 11. Rd1 Nxe5 12. Qg3 Bd4 13. Be3 Bxc3 14. Rxd7
Bxb2 15. Rdd1 Nxc4 16. Qxc7 Be6 17. Qxb7 Rc8 18. Rab1 Nxe3 19. fxe3 Bc3 20.
Qb5+ Kf8 21. Qa6 Be5 22. Qa5 Bf6 23. Qxa7 Ne7 24. Rb7 Nc6 25. Qa6 Nd8 26. Qd6+
Ke8 27. Rd7 Ra8 28. Rc7 Rxa2 29. Rf1 Bg5 30. Qe5 h6 31. Rcxf7 Rxc2 32. Rxg7 Rf8
33. Rd1 Rc6 34. Rgd7 Be7 35. Ra7 Rf6 36. Qa5 Rc8 37. Qb5+ Kf8 38. g3 Nf7 39.
Qb2 Ng5 40. Kh1 Bg4 41. Rxe7 Bf3+ 42. Kg1 Kxe7 43. Qb4+ Ke8 44. Qd4 Rcc6 45.
Qd8+ Kf7 46. Rd7+ Kg6 47. Qg8+ Kf5 48. Rd5+ Bxd5 49. Qxd5+ Kg4 50. Qd1+ Nf3+
51. Kh1 Rfd6 52. Qb1 Rd5 53. Qe4+ Kh3 54. Qb1 Nxh2 55. Qg1 Nf3 56. Qf1+ Kg4 57.
Qb1 Rh5+ 58. Kg2 Rh2+ 59. Kf1 Rcc2 60. Qxc2 Rxc2 61. e4 Kxg3 62. e5 Rf2# 0-1

[Event "ICS rated blitz match"]
[Site "204.178.125.65"]
[Date "2000.03.31"]
[Round "?"]
[White "QueenMaxima"]
[Black "Hossa"]
[Result "0-1"]
[WhiteElo "2486"]
[BlackElo "2356"]
[PlyCount "178"]

1. e4 e5 2. Nf3 Nc6 3. Bc4 Bc5 4. c3 Nf6 5. d3 d6 6. Bb3 O-O 7. h3 d5 8. exd5
Nxd5 9. Ba4 Bd7 10. Bxc6 Bxc6 11. Nxe5 Re8 12. d4 Bd6 13. O-O Bxe5 14. dxe5
Rxe5 15. c4 Nb4 16. Nc3 Nd3 17. Be3 Nxb2 18. Qe2 Na4 19. Nxa4 Bxa4 20. Qb2 Ra5
21. Qxb7 Rb8 22. Qe4 Rb2 23. Bd4 Bc2 24. Qg4 Rg5 25. Qe2 Rb8 26. Rfe1 Bf5 27.
Bxa7 Ra8 28. Be3 Rg6 29. Qf3 Be6 30. Rec1 Ra3 31. Rc2 Qc8 32. Rd1 Ra8 33. Rcd2
h6 34. Rd4 Kh7 35. Rd8 Qxd8 36. Rxd8 Rxd8 37. h4 Bxc4 38. h5 Re6 39. Qxf7 c6
40. Qf5+ Kg8 41. Qc2 Bd5 42. a4 Ra8 43. Bd2 Re5 44. Qd1 Re4 45. a5 Rd4 46. Qc2
Re8 47. Qc3 Rg4 48. g3 Ra4 49. Be3 Rb8 50. Bb6 Re8 51. f4 Re2 52. Kf1 Rea2 53.
Qc5 Bc4+ 54. Kg1 Rb2 55. Qf2 Ra1+ 56. Kh2 Rxf2+ 57. Bxf2 Rxa5 58. g4 Bd5 59.
Bb6 Ra2+ 60. Kh3 Rg2 61. Bc7 Bf3 62. Bb6 Rxg4 63. Be3 Kf7 64. Bd2 Rg1 65. Kh4
Rh1+ 66. Kg3 Bxh5 67. Be3 Rf1 68. Bd4 Rf3+ 69. Kg2 Rxf4 70. Bc5 Re4 71. Kf2
Re2+ 72. Kg3 g6 73. Kh4 Re5 74. Bd6 Rf5 75. Bb8 Rf3 76. Ba7 Kg7 77. Bd4+ Kh7
78. Be3 g5+ 79. Bxg5 hxg5+ 80. Kxh5 Rf4 81. Kxg5 Rf7 82. Kg4 Kg8 83. Kh5 Rg7
84. Kh4 c5 85. Kh5 c4 86. Kh6 c3 87. Kh5 c2 88. Kh4 c1=Q 89. Kh3 Qh1# 0-1

[Event "ICS Rated standard match"]
[Site "204.178.125.65"]
[Date "2000.03.31"]
[Round "?"]
[White "Hossa"]
[Black "LaTrevi"]
[Result "0-1"]
[WhiteElo "2365"]
[BlackElo "2689"]
[PlyCount "172"]

1. e4 d6 2. d4 Nf6 3. Nc3 g6 4. f4 Bg7 5. Nf3 c5 6. Bb5+ Bd7 7. e5 Ng4 8. e6
Bxb5 9. exf7+ Kd7 10. Nxb5 Qa5+ 11. Nc3 cxd4 12. Nxd4 Bxd4 13. Qxd4 Nc6 14. Qc4
Qb6 15. Qe2 h5 16. Bd2 Nd4 17. Qd3 Nf5 18. Ne4 Rac8 19. Bc3 Rhf8 20. O-O-O Qe3+
21. Rd2 Qxd3 22. Rxd3 Rxf7 23. h3 Nge3 24. g3 b5 25. Rh2 Rc4 26. Ng5 Rf8 27. b3
Rc6 28. Nf3 Rc5 29. Bb4 Rd5 30. Rhd2 Rxd3 31. Rxd3 Nf1 32. g4 hxg4 33. hxg4
N5e3 34. Ne5+ Ke8 35. Nxg6 Rf6 36. f5 Nxg4 37. Nh4 Nfe3 38. Bc3 e5 39. fxe6
Rf1+ 40. Kd2 Rf2+ 41. Ke1 Nxc2+ 42. Kd1 Nce3+ 43. Ke1 Ke7 44. Bd2 Nf5 45. Ng6+
Kxe6 46. a4 bxa4 47. bxa4 Rh2 48. a5 Kf6 49. Nf8 Rh1+ 50. Ke2 Ne5 51. Bc3 Ke7
52. Bxe5 dxe5 53. Ng6+ Kf6 54. Nf8 Nd4+ 55. Ke3 Re1+ 56. Kf2 Re2+ 57. Kg3 Ra2
58. Rd1 Rxa5 59. Rf1+ Ke7 60. Ng6+ Ke6 61. Nf8+ Kd5 62. Nd7 Ra3+ 63. Kg4 e4 64.
Nf6+ Ke5 65. Nd7+ Kd6 66. Nf6 e3 67. Rd1 Ke5 68. Nd7+ Kd5 69. Nf6+ Kc4 70. Rc1+
Rc3 71. Re1 Nc2 72. Re2 Kd3 73. Rh2 e2 74. Rh1 Rc5 75. Nd7 Ne3+ 76. Kh4 Ra5 77.
Rc1 Nd1 78. Kh3 e1=Q 79. Rc5 Nf2+ 80. Kh4 Qe7+ 81. Kg3 Nh1+ 82. Kf4 Ra4+ 83.
Kf5 Ng3+ 84. Kg6 Rg4+ 85. Rg5 Rxg5+ 86. Kh6 Nf5# 0-1

[Event "ICS rated standard match"]
[Site "204.178.125.65"]
[Date "2000.03.31"]
[Round "?"]
[White "Tinker"]
[Black "Hossa"]
[Result "1-0"]
[WhiteElo "2259"]
[BlackElo "2363"]
[PlyCount "109"]

1. e4 e5 2. Nf3 Nc6 3. d4 exd4 4. Nxd4 Nf6 5. Nxc6 bxc6 6. e5 Qe7 7. Qe2 Nd5 8.
a3 g6 9. h4 h6 10. Nd2 Bg7 11. Nf3 a5 12. Bd2 Ba6 13. Qe4 f5 14. Qd4 Bb7 15.
O-O-O c5 16. Qd3 Nb6 17. Qe2 Qe6 18. h5 g5 19. Qb5 Bxf3 20. gxf3 Bxe5 21. Bxa5
Rb8 22. Re1 O-O 23. Bc3 Bf4+ 24. Kb1 Qd5 25. Bd3 Rf7 26. Be2 Re7 27. Bd3 Rbe8
28. Rxe7 Rxe7 29. Rf1 Kf8 30. a4 Qf7 31. a5 Nd5 32. Qxc5 d6 33. Qc6 Nxc3+ 34.
Qxc3 Re5 35. a6 c5 36. Qc4 Qe8 37. Qb3 Re7 38. Bxf5 Qxh5 39. a7 Rxa7 40. Qb8+
Qe8 41. Qxa7 Qf7 42. Qa8+ Kg7 43. Be4 Qe7 44. Rh1 Be5 45. Bd5 Kg6 46. Qg8+ Bg7
47. Be4+ Qxe4 48. fxe4 Kf6 49. Rd1 d5 50. Rxd5 g4 51. Rd6+ Kg5 52. Qxg7+ Kf4
53. Qf7+ Kxe4 54. Qd5+ Kf4 55. Rf6# 1-0

[Event "ICS rated standard match"]
[Site "204.178.125.65"]
[Date "2000.03.31"]
[Round "?"]
[White "TwinJet"]
[Black "Hossa"]
[Result "1-0"]
[WhiteElo "2308"]
[BlackElo "2342"]
[PlyCount "123"]

1. d4 d5 2. c4 e6 3. Nc3 Nf6 4. Nf3 Bb4 5. Bg5 dxc4 6. Qc2 Nc6 7. e3 Qd5 8.
Bxf6 gxf6 9. Nd2 Qg5 10. a3 Bxc3 11. Qxc3 Bd7 12. Qxc4 Qg4 13. h3 Qg7 14. Ne4
f5 15. Nc5 f4 16. Nxd7 Kxd7 17. d5 exd5 18. O-O-O fxe3 19. Qxd5+ Kc8 20. Qxc6
bxc6 21. Ba6+ Kb8 22. Rd3 Qg5 23. Rb3+ Qb5 24. Bxb5 cxb5 25. Rxb5+ Kc8 26. fxe3
Rb8 27. Ra5 Rg8 28. g4 Rb7 29. Rf5 c6 30. Rhf1 Rg7 31. Rf6 Rc7 32. Kc2 Kb7 33.
a4 Re7 34. Kd3 a6 35. Kd4 Rd7+ 36. Kc5 Re7 37. Kd6 Rc7 38. b4 Kb6 39. R1f5 Rg6
40. Rxg6 hxg6 41. Re5 Rb7 42. a5+ Ka7 43. Re7 Rxe7 44. Kxe7 Kb8 45. Kxf7 Kc7
46. Kxg6 Kd6 47. g5 Ke6 48. h4 Kd5 49. h5 Kc4 50. h6 c5 51. bxc5 Kxc5 52. h7
Kb4 53. e4 Kc5 54. e5 Kc6 55. e6 Kb5 56. e7 Kb4 57. e8=Q Kc4 58. Qe4+ Kc3 59.
h8=Q+ Kb3 60. Qf3+ Kc4 61. Qfc3+ Kd5 62. Qhe5# 1-0

[Event "ICS rated blitz match"]
[Site "204.178.125.65"]
[Date "2000.03.31"]
[Round "?"]
[White "Hossa"]
[Black "QueenMaxima"]
[Result "1/2-1/2"]
[WhiteElo "2378"]
[BlackElo "2490"]
[PlyCount "187"]

1. e4 d5 2. exd5 Qxd5 3. Nc3 Qa5 4. d4 Nf6 5. Nf3 Bf5 6. Bd2 c6 7. Bc4 e6 8.
Qe2 Bb4 9. a3 Nd5 10. Bxd5 cxd5 11. Qb5+ Qxb5 12. Nxb5 Bxd2+ 13. Kxd2 Na6 14.
Nd6+ Ke7 15. Nxf5+ exf5 16. Rhe1+ Kf6 17. b3 Nc7 18. c4 Rad8 19. Kc3 Ne6 20.
Re3 h6 21. h4 Rd7 22. Rd1 Rhd8 23. Ne5 Rd6 24. Rd2 dxc4 25. Nxc4 R6d7 26. Red3
Nf4 27. Rf3 Nxg2 28. h5 Nh4 29. Rh3 Kg5 30. Rg3+ Kxh5 31. Rxg7 Nf3 32. Rd3 Ng5
33. Ne5 Rc7+ 34. Kb2 Rdc8 35. Rd1 Rc2+ 36. Kb1 R2c3 37. Rh1+ Nh3 38. Rg3 Rxg3
39. fxg3 Kg5 40. Rxh3 f6 41. Nc4 Rd8 42. Rh4 Re8 43. d5 b5 44. Nd6 Re3 45. Rh3
a6 46. Kb2 Re7 47. Rh2 Rd7 48. Nc8 Rxd5 49. Ne7 Re5 50. Nc6 Re3 51. Rh3 Kg6 52.
Nb4 a5 53. Nd5 Re2+ 54. Kb1 Re1+ 55. Kc2 Re2+ 56. Kd3 Ra2 57. Nf4+ Kg7 58. Ne6+
Kg6 59. Kc3 Rxa3 60. Kb2 b4 61. Rh4 a4 62. Rxb4 Rxb3+ 63. Rxb3 axb3 64. Kxb3
Kh5 65. Kc3 Kg4 66. Ng7 f4 67. gxf4 Kxf4 68. Nh5+ Kg5 69. Nxf6 Kxf6 70. Kd4 Kf5
71. Ke3 Ke5 72. Kf3 Ke6 73. Ke4 h5 74. Kf3 Ke5 75. Ke3 Kf5 76. Kf3 h4 77. Kg2
Ke4 78. Kf2 Ke5 79. Kf3 h3 80. Kg3 Ke4 81. Kh2 Kd4 82. Kg1 Kc5 83. Kh2 Kd5 84.
Kh1 Kc4 85. Kh2 Kd4 86. Kg1 Ke4 87. Kh1 Kd5 88. Kh2 Ke4 89. Kh1 Kd4 90. Kh2 Kd3
91. Kg1 Kd4 92. Kh1 h2 93. Kg2 h1=Q+ 94. Kxh1 1/2-1/2

[Event "ICS rated blitz match"]
[Site "204.178.125.65"]
[Date "2000.03.31"]
[Round "?"]
[White "QueenMaxima"]
[Black "Hossa"]
[Result "1-0"]
[WhiteElo "2505"]
[BlackElo "2383"]
[PlyCount "113"]

1. d4 d5 2. c4 e6 3. Nc3 Nf6 4. Nf3 Bb4 5. Bg5 dxc4 6. e4 c5 7. e5 cxd4 8. Nxd4
Qa5 9. exf6 Bxc3+ 10. bxc3 Qxg5 11. fxg7 Qxg7 12. Qf3 Nd7 13. Bxc4 O-O 14. Bb3
Nc5 15. O-O e5 16. Ne2 Bg4 17. Qe3 Bxe2 18. Qxe2 Rad8 19. Qe3 b6 20. Rfe1 e4
21. Bc4 Rd6 22. Rad1 Rg6 23. Bf1 Nd3 24. Re2 Rg4 25. h3 Rh4 26. Qg3 Qxg3 27.
fxg3 Rh6 28. Rxe4 Nc5 29. Re7 Rg6 30. g4 a6 31. Bc4 b5 32. Bd5 Rg5 33. c4 bxc4
34. Bxc4 a5 35. Rf1 a4 36. Rfxf7 Rxf7 37. Rxf7 Kh8 38. h4 Re5 39. Rf5 Rxf5 40.
gxf5 Ne4 41. g4 h6 42. Bd3 Nc3 43. a3 Nd5 44. Kf2 Kg7 45. g5 Kh8 46. Kf3 Nb6
47. f6 Nd7 48. Bf5 Nf8 49. g6 Nxg6 50. Bxg6 Kg8 51. h5 Kf8 52. Kf4 Kg8 53. Ke5
Kf8 54. Ke6 Kg8 55. Ke7 Kh8 56. f7 Kg7 57. f8=Q# 1-0

[Event "ICS rated standard match"]
[Site "204.178.125.65"]
[Date "2000.03.31"]
[Round "?"]
[White "Hossa"]
[Black "Zippy"]
[Result "0-1"]
[WhiteElo "2324"]
[BlackElo "2246"]
[PlyCount "106"]

1. e4 e5 2. Nf3 Nc6 3. Nc3 Nf6 4. Nxe5 Nxe5 5. d4 Nc6 6. d5 Ne5 7. f4 Ng6 8. e5
Ng8 9. d6 cxd6 10. exd6 Qa5 11. Bc4 Nf6 12. g3 Qc5 13. Qe2+ Kd8 14. Bxf7 Qxd6
15. Be3 b6 16. O-O Bb7 17. Rad1 Qb4 18. Rd4 Qxb2 19. Rc4 Ba6 20. Qg2 Rc8 21.
Bc1 Qxc3 22. Rxc3 Rxc3 23. Rf2 Bc5 24. Kh1 Kc7 25. Bb2 Re3 26. Rf1 Bb7 27.
Qxb7+ Kxb7 28. Bxf6 gxf6 29. Rd1 Kc7 30. Bc4 Ne7 31. Bb5 d5 32. a4 Ra3 33. Rd3
Ra2 34. c3 Rc2 35. h3 h5 36. f5 Nxf5 37. Rf3 h4 38. Bd3 Rc1+ 39. Kh2 hxg3+ 40.
Rxg3 Nxg3 41. Kxg3 Rxc3 42. Kg4 Rxd3 43. Kf5 Rf3+ 44. Ke6 d4 45. Kf7 d3 46. a5
bxa5 47. Kg7 d2 48. Kxh8 d1=Q 49. Kg7 Rg3+ 50. Kxf6 Rf3+ 51. Kg5 Qg1+ 52. Kh4
Kd6 53. Kh5 Rxh3# 0-1

[Event "ICS rated standard match"]
[Site "204.178.125.65"]
[Date "2000.03.31"]
[Round "?"]
[White "Hossa"]
[Black "Tinker"]
[Result "1-0"]
[WhiteElo "2304"]
[BlackElo "2280"]
[PlyCount "169"]

1. e4 e5 2. Nf3 Nc6 3. Nc3 d6 4. Bb5 a6 5. Bxc6+ bxc6 6. d4 exd4 7. Nxd4 Ne7 8.
O-O c5 9. Nb3 Be6 10. e5 Ng6 11. exd6 cxd6 12. f4 Nh4 13. g3 Nf5 14. g4 Nh4 15.
f5 Bxb3 16. axb3 Be7 17. Nd5 O-O 18. Ra4 Bg5 19. Bxg5 Qxg5 20. f6 Kh8 21. fxg7+
Qxg7 22. Nf6 Rfd8 23. Qd3 Ng6 24. Rxa6 Rxa6 25. Qxa6 Qh6 26. Qd3 Ne5 27. Qe4
Ng6 28. Qe1 Ne5 29. Rf5 Qg7 30. Qe4 Qg6 31. b4 cxb4 32. Qxb4 Rc8 33. c3 Qh6 34.
Qe4 Nc4 35. Rf2 Qc1+ 36. Kg2 Qh6 37. Qb7 Rf8 38. Qe7 Ne5 39. b3 Rc8 40. c4 Ra8
41. Qb7 Rd8 42. Qc7 Rf8 43. Qa7 Nd3 44. Rf5 Qd2+ 45. Kh3 Qc3 46. Rf3 Nf4+ 47.
Kg3 Qxf6 48. Rxf4 Qc3+ 49. Kh4 Kg8 50. Qe7 Qc2 51. Qg5+ Qg6 52. Rd4 Qxg5+ 53.
Kxg5 Rb8 54. Rd3 Rb6 55. h4 Kg7 56. Kf5 Kf8 57. h5 Rc6 58. g5 Kg7 59. Rd4 Rb6
60. h6+ Kf8 61. Rd3 Ke7 62. Re3+ Kf8 63. Ke4 Ke7 64. Kd4+ Kd7 65. Kd5 Rb8 66.
Rf3 Ke7 67. Ke4 Ke6 68. Kd4 Rb7 69. Kc3 Ra7 70. Re3+ Kf5 71. Rg3 Kg6 72. Rd3
Kxg5 73. Rxd6 f5 74. c5 f4 75. Rd5+ Kg4 76. Rd4 Kg5 77. b4 f3 78. b5 Rf7 79.
Rd1 Kxh6 80. b6 f2 81. Rf1 Rb7 82. Rxf2 Kg5 83. Kc4 h5 84. Rb2 Rf7 85. c6 1-0

[Event "ICS rated bullet match"]
[Site "204.178.125.65"]
[Date "2000.03.31"]
[Round "?"]
[White "QueenMaxima"]
[Black "Hossa"]
[Result "1-0"]
[WhiteElo "2323"]
[BlackElo "2431"]
[PlyCount "109"]

1. d4 Nf6 2. c4 e6 3. Nc3 Bb4 4. e3 O-O 5. Bd3 d5 6. Nf3 dxc4 7. Bxc4 c5 8. O-O
cxd4 9. exd4 Nbd7 10. Bd3 b6 11. a3 Be7 12. Bf4 Bb7 13. Qe2 Nh5 14. Bd2 Qc7 15.
Nb5 Qb8 16. Ne5 Nhf6 17. Rac1 Nxe5 18. dxe5 Nd5 19. Qh5 g6 20. Qe2 a6 21. Nc3
Rd8 22. f4 Bc5+ 23. Kh1 Qa7 24. Nxd5 Bxd5 25. Rc2 Qb7 26. b4 Bd4 27. Rfc1 Rd7
28. a4 Rad8 29. Be1 b5 30. Bh4 Re8 31. axb5 axb5 32. Bg3 Rb8 33. Rd2 Qa6 34.
Be1 Bb3 35. Rb1 Ba4 36. Bc2 Qc6 37. Bxa4 bxa4 38. Rbd1 Rxb4 39. Rc2 Qb7 40.
Bxb4 Qxb4 41. Rc4 Qb6 42. Qe4 f5 43. exf6 Rf7 44. Rdxd4 Qb8 45. Rxa4 Rb7 46.
Qxe6+ Kf8 47. Rd1 Qe8 48. Qd6+ Kf7 49. Qd5+ Kxf6 50. Ra6+ Rb6 51. Rxb6+ Kg7 52.
Rb7+ Kf8 53. Qd8 h6 54. Qf6+ Kg8 55. Qg7# 1-0

[Event "ICS rated blitz match"]
[Site "204.178.125.65"]
[Date "2000.03.31"]
[Round "?"]
[White "Tinker"]
[Black "Hossa"]
[Result "1-0"]
[WhiteElo "2390"]
[BlackElo "2372"]
[PlyCount "105"]

1. e4 c5 2. Nf3 d6 3. Bb5+ Nd7 4. d4 Ngf6 5. dxc5 Qa5+ 6. Nc3 Nxe4 7. c6 bxc6
8. Bxc6 Nxc3 9. Qd2 Rb8 10. bxc3 Ba6 11. c4 Qxd2+ 12. Nxd2 g6 13. a4 Bg7 14.
Ra2 Bb7 15. Bxb7 Rxb7 16. O-O Rb4 17. Re1 Bc3 18. Re3 Bxd2 19. Bxd2 Rxc4 20.
Rb3 Rd4 21. c3 Rc4 22. Rb7 a6 23. Ra7 Nb8 24. Ra3 h5 25. h3 Kf8 26. Rb3 Rc8 27.
Rbb7 Re8 28. Bg5 Nc6 29. Rxa6 Ne5 30. a5 Nc4 31. Raa7 Kg7 32. a6 d5 33. Bxe7
Rhg8 34. h4 Ra8 35. Bc5 Rxa7 36. Bxa7 Kh6 37. Bc5 d4 38. cxd4 Na5 39. Rxf7 Re8
40. Bf8+ Rxf8 41. Rxf8 Nc6 42. d5 Na7 43. d6 Kg7 44. Re8 Nc6 45. d7 Kf7 46. a7
g5 47. a8=Q Ne5 48. Qd5+ Kg6 49. Qe6+ Kg7 50. Qg8+ Kf6 51. d8=Q+ Kf5 52. Qgxg5+
Ke4 53. Rxe5# 1-0

[Event "ICS rated bullet match"]
[Site "204.178.125.65"]
[Date "2000.03.31"]
[Round "?"]
[White "Hossa"]
[Black "JSBach"]
[Result "1-0"]
[WhiteElo "2410"]
[BlackElo "1984"]
[PlyCount "47"]

1. e4 e5 2. Nf3 Nc6 3. Nc3 Bc5 4. Nxe5 Nxe5 5. d4 Bd6 6. dxe5 Bxe5 7. Bd2 Nf6
8. Bd3 d5 9. exd5 Nxd5 10. Qe2 Qd6 11. f4 Nxf4 12. Bxf4 f6 13. O-O Qd4+ 14. Rf2
Be6 15. Bb5+ c6 16. Rd1 Qc5 17. Bxe5 fxe5 18. Ne4 Qb6 19. Qh5+ g6 20. Nd6+ Kd8
21. Qxe5 Bg4 22. Nf5+ Bxd1 23. Qd6+ Kc8 24. Ne7# 1-0

[Event "ICS rated bullet match"]
[Site "204.178.125.65"]
[Date "2000.03.31"]
[Round "?"]
[White "Tinker"]
[Black "Hossa"]
[Result "1-0"]
[WhiteElo "2305"]
[BlackElo "2413"]
[PlyCount "43"]

1. e4 e5 2. Nf3 Nc6 3. Nc3 Nf6 4. Bb5 Nd4 5. Bc4 Bc5 6. Nxe5 Qe7 7. Bxf7+ Kf8
8. f4 d6 9. Nd5 Nxd5 10. Bxd5 dxe5 11. fxe5 Bg4 12. Qxg4 Nxc2+ 13. Kd1 Nxa1 14.
d4 Nc2 15. Rf1+ Ke8 16. dxc5 Nd4 17. Rf7 Qd8 18. Rxg7 Qxd5 19. exd5 Nf5 20.
Qxf5 b5 21. Qd7+ Kf8 22. Qf7# 1-0